000 00585nam a22001817a 4500
005 20251108174958.0
008 250721s1993 xx 000 0 ara d
082 1 4 _a327.440568/قاس
100 1 _aالقاسمي، سلطان بن محمد
_eمؤلف
245 1 0 _aالعلاقة العمانية الفرنسية 1715-1905م /
264 _bدار الغرير للطباعة والنشر،
_c1993.
300 _a208ص.
650 1 7 _aفرنسا
650 1 7 _aالبلدان العربية
650 1 7 _aالعلاقات الدولية
942 _2ddc
_cBK
999 _c123042
_d123042